[Event "Porto Alegre op"]
[Site "Porto Alegre"]
[Date "2012.09.06"]
[Round "1"]
[White "Centenaro, Josue Faustini"]
[Black "Pasini, Iuri Alan"]
[Result "1-0"]
[WhiteElo "1800"]
[BlackElo "2001"]
[PlyCount "81"]
[EventDate "2012.09.06"]
[EventType "swiss"]
[EventRounds "7"]
[EventCountry "BRA"]
[SourceTitle "CBM 150 Extra"]
[Source "ChessBase"]
[SourceDate "2012.10.19"]
[SourceVersion "1"]
[SourceVersionDate "2012.10.19"]
[SourceQuality "1"]

1. e4 c5 2. Nf3 e6 3. d4 cxd4 4. Nxd4 Nf6 5. Nc3 d6 6. Be3 a6 7. g4 b5 8. g5 Nfd7 9. f4 Bb7 10. a3 Qc7 11. Qh5 g6 12. Qh3 e5 13. 0-0-0 exd4 14. Bxd4 Ne5 15. Nd5 Bxd5 16. exd5 Nbd7 17. Bg2 0-0-0 18. fxe5 dxe5 19. Bc3 Bd6 20. Rhf1 Rdf8 21. Rf6 Kb8 22. Ba5 Nb6 23. Qe3 Bc5 24. Rxb6+ Ka7 25. Qc3 Bxb6 26. Qxc7+ Bxc7 27. Bxc7 Kb7 28. Bxe5 Rhg8 29. d6+ Kc8 30. d7+ Kd8 31. Bd6 Kxd7 32. Bxf8+ Ke6 33. Bb4 Kf5 34. Be7 Re8 35. Bh3+ Ke4 36. Bd7 Rb8 37. Rf1 Ke5 38. Rxf7 Rb7 39. Rxh7 Rxd7 40. Bf6+ Ke6 41. Rxd7 1-0